000 01012nam0a22002891 4500
001 rc\3634500
005 20260407041939.0
021 _aRU
_b72-ОЭ-207/9
021 _aRU
_bРг3108-72
035 _a(NLR Aleph) 007725259
090 _a6995739
_c6995739
100 _a20130115d1971 |||y0rusy50 ca
101 0 _arus
102 _aRU
105 _ay z |||||
200 1 _aМетодическая разработка по строительству резервуаров
_fКриворож. горнорудный ин-т
210 _aДнепропетровск
_cБ. и.
_d1971
215 _a40 с.
_d20
300 _aНа обороте тит. л. сост.: В.Г. Антонюк
320 _aБиблиогр.: с. 38-40
702 1 _aАнтонюк
_bВ.Г.
_4220
712 0 2 _aКриворожский горнорудный институт
_3RU\NLR\AUTH\8810014105
_9526111
801 0 _aRU
_bNLR
_gpsbo
801 1 _aRU
_bELAR
_2rusmarc
852 _aNLR
_j72-4/4049
942 _cBOOK
980 _aNB